Ridley a syn

Bibliographic Details
Main Author: Winnington, Alan, 1910-1983 (Author)
Other Authors: Korecký, Ján (Translator)
Format: Book
Language:Slovak
German
PhysicalDescription:48 s. 28 cm
Published: Bratislava Smena 1987
Edition:1. vyd.
Series:Dobrodružné romány
Subjects:

MARC

LEADER 00000cam a2200000 a 4500
001 vtls001085230
003 SK-MaSNL
005 20260301062330.0
008 240313s1987 xo g 0000f slo
015 |a SNBA1987/08 
020 |q (brož.) 
035 |a SNK000028069 
040 |a SNK  |b slo  |c SNK  |e AACR2 
041 1 |a slo  |h ger 
044 |a xo  |c SK 
080 |a 821.112.2-31  |2 2001 
100 1 |a Winnington, Alan,  |d 1910-1983  |4 aut  |9 247049 
240 1 0 |a Ridley & Son  |l Slovensky 
245 1 0 |a Ridley a syn  |c Alan Winnington ; z nemeckého originálu Ridley & Son ... preložil Ján Korecký 
250 |a 1. vyd. 
260 |a Bratislava  |b Smena  |c 1987  |e Bratislava  |f Pravda 
300 |a 48 s.  |c 28 cm 
366 |e 32000 výtl. 
490 1 |a Dobrodružné romány  |v č. 370 
655 7 |a nemecky písané romány  |2 SNKPH  |9 70737 
655 7 |a detektívne romány  |2 SNKPH  |9 70455 
700 1 |a Korecký, Ján  |4 trl  |9 267425 
830 0 |a Dobrodružné romány  |9 276927 
852 |a Slovenská národná knižnica 
954 |a beletria cudzojazyčná (svetová)  |2 lita 
958 |a OND 
958 |a LX 
958 |a DE 
958 |a TL 
958 |a UP 
999 |c 620249  |d 622179 
952 |a SNK  |b SNK  |y PREZ  |7 0  |p 17A0823690  |o snkSB 41898   |0 0  |1 0  |4 0  |d 2012-05-16  |f 1  |l 0  |r 2025-04-30 00:00:00  |w 2026-02-23 
952 |t P60, <05>, [BOOK], {605}  |a SNK  |b SNK  |y PREZ  |7 0  |p 17A0202072  |o snkSB 41898 D1  |0 0  |1 0  |4 0  |d 1999-07-20  |l 0  |r 2004-12-31 00:00:00  |w 2026-02-23